000 02037nam0a2200337 i 4500
001 RU\NLR\BIBL_A\010751994
005 20241114202703.0
010 _a9785890405005
_9100
021 _aRU
_b2015-23503
_91395
035 _a(NLR Aleph) 010751994
090 _a9944900
_c9944900
100 _a20150513d2014 u y0rusy50 ca
101 0 _arus
102 _aRU
105 _ay j 000yy
200 1 _aФизико-химия и технология полимеров, полимерных композитов
_eучебное пособие
_fЛ.Г. Барсукова, Г.Ю. Вострикова, С.С. Глазков
_gМ-во образования и науки Рос. Федерации, Федер. гос. бюджет. образоват. учреждение высш. проф. образования "Воронеж. гос. архит.-строит. ун-т"
210 _aВоронеж
_cВоронежский ГАСУ
_d2014
215 _a140, [1] c.
_d21
320 _aБиблиогр.: с. 139-140 (19 назв.)
606 1 _aПолимеры
_jУчебные издания для высших учебных заведений
_xФизическая химия
_91920649
_3RU\NLR\AUTH\66876173
606 1 _aПолимеры
_jУчебные издания для высших учебных заведений
_xПроизводство
_92004160
_3RU\NLR\AUTH\66921211
606 _aКомпозиционные материалы полимерные
_jУчебные издания для высших учебных заведений
_xПроизводство
_xФизико-химические основы
_92335517
_3RU\NLR\AUTH\661396353
686 1 _aГ710я73-1
686 1 _aЛ71я73-1
700 1 _aБарсукова
_bЛ.Е.
_gЛариса Георгиевна
701 1 _aВострикова
_bГ. Ю.
_gГалина Юрьевна
701 1 _aГлазков
_bС. С.
_gСергей Сергеевич
942 _cBOOK
980 _aNBR